LEADER 01267nam--2200397---450- 001 990000438070203316 005 20091029140735.0 010 $a2-8027-0877-5 035 $a0043807 035 $aUSA010043807 035 $a(ALEPH)000043807USA01 035 $a0043807 100 $a20010510d19------km-y0itay0103----ba 101 $afre 102 $aLU 105 $a||||||||001yy 200 1 $aPrecis de la guerre froide et de l'après guerre froide$eau carrefour de la sécurité collective et de l'anarchie internationale$fStéphane Bernard 210 $a[Bruxelles]$cBruylant$d[19-?] 215 $a328 p.$d24 cm 410 $12001 461 1$1001-------$12001 606 0 $aStati Uniti d'America$xPolitica estera 606 0 $aGuerra fredda 676 $a327.73 700 1$aBERNARD,$bStéphane$0544963 801 0$aIT$bsalbc$gISBD 912 $a990000438070203316 951 $a327.73 BER 1 (IG VIII 17 338)$b6228 G$cIG VIII$d00246227 959 $aBK 969 $aGIU 979 $aPATTY$b90$c20010510$lUSA01$h1221 979 $c20020403$lUSA01$h1652 979 $aPATRY$b90$c20040406$lUSA01$h1630 979 $aRSIAV5$b90$c20091029$lUSA01$h1407 996 $aPrecis de la guerre froide et de l'après guerre froide$9873917 997 $aUNISA